000 00445nam a2200205Ia 4500
001 12870
003 GE_BSU
008 181216s||||||||xx |||||||||||||| ||und||
020 _a0333761588
040 _cGE_BSU
080 _a821.111-312.4
100 _aDexter,Colin.
245 4 _aThe Remorseful Day.
260 _aLondon.
260 _bMacmillan.
260 _c1999
300 _a374p;24cm.
653 _aThe Remorseful Day.
942 _cBK
999 _c46040
_d46040